Ευρωπαική οικονομική ιστορία : η οικονομική ανάπτυξη του δυτικού πολιτισμού

Αποθηκεύτηκε σε:
Λεπτομέρειες βιβλιογραφικής εγγραφής
Κύριος συγγραφέας: Clough, Shepard Bancroft 1901-
Άλλοι συγγραφείς: Rapp, Richard T.
Μορφή: Βιβλίο
Γλώσσα:Greek
Δημοσίευση: Αθήνα : Παπαζήσης, 1980
Θέματα:
Ετικέτες: Προσθήκη ετικέτας
Δεν υπάρχουν, Καταχωρήστε ετικέτα πρώτοι!

MARC

LEADER 00000cam a2200000 i 4500
001 1/49709
008 960424s1980 gr | ||| |||| ||gre||
035 |l 10026880 
040 |a GR-MY-UA  |b gre  |e aacr 
041 0 |a gre 
082 0 |a 330.94 
100 1 |a Clough, Shepard Bancroft  |d 1901- 
245 1 0 |a Ευρωπαική οικονομική ιστορία :  |b η οικονομική ανάπτυξη του δυτικού πολιτισμού /  |c Shepard Clough, Richard Rapp 
260 |a Αθήνα :   |b Παπαζήσης,   |c 1980 
300 |a 2Τ 
650 0 0 |a Economic history. 
651 0 |a Europe  |x Economic conditions. 
700 1 |a Rapp, Richard T. 
852 |a INST  |b CHIOS  |e 19960424  |h 330.94 CLO  |p 005200005775  |q 005200005775  |t BK  |y 0  |z v.2 
852 |a INST  |b CHIOS  |e 19960424  |h 330.94 CLO  |p 005200005776  |q 005200005776  |t BK  |y 0  |z v.2 
852 |a INST  |b CHIOS  |e 19960424  |h 330.94 CLO  |p 005200005777  |q 005200005777  |t BK  |y 0  |z v.1 
852 |a INST  |b CHIOS  |e 19960424  |h 330.94 CLO  |p 005200005778  |q 005200005778  |t BK  |y 0  |z v.1 
852 |a INST  |b CHIOS  |e 19960424  |h 330.94 CLO  |p 005200005775  |q 005200005775  |t BK  |v v.2:  |y 0  |z v.2 
852 |a INST  |b CHIOS  |e 19960424  |h 330.94 CLO  |p 005200005776  |q 005200005776  |t BK  |v v.2:  |y 0  |z v.2 
852 |a INST  |b CHIOS  |e 19960424  |h 330.94 CLO  |p 005200005777  |q 005200005777  |t BK  |v v.1:  |y 0  |z v.1 
852 |a INST  |b CHIOS  |e 19960424  |h 330.94 CLO  |p 005200005778  |q 005200005778  |t BK  |v v.1:  |y 0  |z v.1 
853 |a INST  |b CHIOS  |h 330.94 CLO 
909 |a Χ  |b 002854 
909 |a Χ  |b 000571 
909 |a Χ  |b 000570 
909 |a Χ  |b 002853